La historia oficial
Oscar a la mejor película extranjera. -- Buenos Aires, 1983. En los últimos años de la dictadura militar argentina, una acomodada profesora de historia comienza a tomar conciencia de lo ocurrido en ese periodo. Sus sospechas sobre los oscuros asuntos de su marido y una Abuela de Plaza de Mayo que bu...
Guardado en:
| Autor Principal: | |
|---|---|
| Autor Corporativo: | |
| Otros Autores: | , , , , , , , |
| Formato: | |
| Idioma: | Undetermined |
| Publicado: |
Argentina,
1985.
|
| Materias: | |
| Etiquetas: |
Agregar Etiqueta
Sin Etiquetas, Sea el primero en etiquetar este registro!
|
| LEADER | 01491ngm a22003135a 4500 | ||
|---|---|---|---|
| 001 | CEM.cems020099 | ||
| 008 | 230515s1985####xx#---############vlund#d | ||
| 005 | 20230515195204.0 | ||
| 245 | 1 | 0 | |a La historia oficial |h [videograbación] / |c Luis Puenzo. |
| 260 | |a Argentina, |c 1985. | ||
| 300 | |a 110'. | ||
| 520 | |a Oscar a la mejor película extranjera. -- Buenos Aires, 1983. En los últimos años de la dictadura militar argentina, una acomodada profesora de historia comienza a tomar conciencia de lo ocurrido en ese periodo. Sus sospechas sobre los oscuros asuntos de su marido y una Abuela de Plaza de Mayo que busca a su nieta son los motivos que la llevan a replantearse "la historia oficial" y a darse cuenta de lo verdaderamente acontecido en su país. | ||
| 538 | |a Soporte: DVD -- Formato: DVD Peso: 4.32gb -- Resolución: 720 x 480 -- 29.97fps | ||
| 590 | |a Identificación anterior: 34 | ||
| 100 | 1 | |a Puenzo, Luis. | |
| 700 | 1 | |a Puenzo, Luis; Guión y dirección. | |
| 700 | 1 | |a Bortnik, Aida; Guión. | |
| 700 | 1 | |a Stampone, Atilio; Música. | |
| 700 | 1 | |a Monti, Félix; Fotografía. | |
| 710 | 2 | |a Historias Cinematográficas. | |
| 700 | 1 | |a Alterio, Héctor; Reparto. | |
| 700 | 1 | |a Aleandro, Norma; Reparto. | |
| 700 | 1 | |a Arana, Hugo; Reparto. | |
| 700 | 1 | |a Villafañe, Chunchuna; Reparto. | |
| 653 | |a LARGOMETRAJE | ||
| 653 | |a FICCIÓN | ||
| 653 | |a ARGENTINA | ||
| 653 | |a DICTADURA | ||
| 859 | |a CEMS |b BIB. CEMS - Depto. Recursos Didacticos |h 778.5 |i PUE |k DRD |p 2992.23 |t Ej.1 | ||
